00809nam a22002057a 4500999001900000005001700019010001500036020003100051035001400082037001300096082001500109245006700124260005400191270008200245300007700327700002300404700002200427942002900449952012500478 c176510d17651020210104163528.0 aENG-128731 a978-81-5287-625-9c1075.00 aEN-112263 bDBAD/PUB a338.850954 aTrust in TransactionsbEdited by Prasanta Ray and Rukmini Sen  aTelanganabOrient Blackswan Private Limitedc2019 bTelanganae500029a3-6-752, Himayatnagar, Hyderabadminfo@orientblackswan.com axxxvii+308p.c23cm(hbk)bInclusing bibliographical references and index. aRay, Prasanta, Ed. aSen, Rukmini, Ed. 2ddccENh338.850954mTRU 001040708NFICaLbLd2021-01-04eDBAD/PUBg1075.00l0o338.850954 TRUpEN-112263r2021-01-04 00:00:00t1v1075.00yEN